| 000 | 00381nam a2200157Ia 4500 | ||
|---|---|---|---|
| 005 | 20250423101243.0 | ||
| 008 | 250422s9999 xx 000 0 und d | ||
| 020 | _a0- 618- 26026- 9 | ||
| 050 | _aPR 6039.O32 .L6 | ||
| 100 | _aJ. R. R. Tolkien | ||
| 245 | 4 | _aThe fellowship of the ring | |
| 260 | _bHoughton mifflin company | ||
| 260 | _c1966 | ||
| 300 | _a398 p | ||
| 942 | _cBK | ||
| 999 |
_c35756 _d35756 |
||